| 000 | 01017nac a22003377a 4500 | ||
|---|---|---|---|
| 001 | BR2011002648 | ||
| 003 | BR-BrBNA | ||
| 005 | 20240105123913.0 | ||
| 008 | 230509b bl.|||m| |||| 00| 0 por d | ||
| 040 |
_aBR-BrBNA _bpor _cBiblioteca Nacional de Agricultura |
||
| 072 | _aH20 | ||
| 090 | _a0210 BR2011002648 | ||
| 100 | 1 | _aPinheiro, J.B. | |
| 100 | 1 | _aLopes, C.A. | |
| 100 | 1 | _aHenz, G.P. | |
| 110 | 1 | _aEMBRAPA Hortaliças, Brasília, DF (Brasil) | |
| 245 | 1 | _aMedidas gerais de controle de nematóides de batata | |
| 260 | 3 |
_aBrasília, DF (Brasil): _c2009. |
|
| 300 | _a8 p. | ||
| 490 |
_aCircular Técnica - EMBRAPA Hortaliças (Brazil) _vno. 76 _xISSN 1415-3033 |
||
| 500 | _a12 illus.; 10 ref. | ||
| 650 | _aBATATA | ||
| 650 | _aSOLANUM TUBEROSUM | ||
| 650 | _aNEMATÓIDE | ||
| 650 | _aDOENÇA DE PLANTA | ||
| 650 | _aROTAÇÃO DE CULTURA | ||
| 650 | _aCONTROLE BIOLÓGICO | ||
| 650 | _aCONTROLE QUÍMICO | ||
| 909 |
_a202312 _bLúcia Elande _c55 _dLúcia Elande |
||
| 942 |
_2AGRIS _n0 _cMS |
||
| 999 |
_c297485 _d297485 |
||